000 00703nam a2200229Ia 4500
003 OSt
005 20220926013516.0
006 a|||||r|||| 00| 0
007 ta
008 220923b |||||||| |||| 00| 0 eng d
037 _cGeneral Book
040 _aRTL
_cRTL
_beng
041 _2eng
_aeng
082 _aX61.1.N7, L5
100 _aZwass Adam
_9285914
245 0 _aMonetary cooperation between East and West tr by
260 _aNew York
_bInternational Arts and Sciences Press U. S. A.
_c1975
300 _axvii, 265p. Bibliography p.259-65
_ccm.
650 _aEconomics-Money-International
_9232453
942 _hX61.1.N7, L5
_cGB
_2CC
999 _c626124
_d626124